Statistics for 10 highest grossing movies at the box office

Click here to take the quiz!

General Stats

  • This quiz has been taken 61 times
  • The average score is 6 of 10

Answer Stats

HintAnswer% Correct
1Avatar
95%
3Titanic
82%
2Avengers:Endgame/Endgame
73%
9The Avengers
71%
4Star Wars: Episode VII - The Force Awakens/Star Wars
69%
5Avengers: Infinity War/Infinity War
65%
7Jurassic World
38%
6Spiderman: No Way Home/No Way Home
36%
8The Lion King
31%
10Furious 7
18%

Score Distribution

Percentile by Number Answered

Percent of People with Each Score

Your Score History

You have not taken this quiz